Central Library OPAC University of Rajshahi

Research techniques in animal ecology : (Record no. 53255)

MARC details
000 -LEADER
fixed length control field 00975nam a2200277 a 4500
001 - CONTROL NUMBER
control field 53255
003 - CONTROL NUMBER IDENTIFIER
rucl marc code BD-RjUL
005 - DATE AND TIME OF LATEST TRANSACTION
control field 20211209075931.0
008 - FIXED-LENGTH DATA ELEMENTS--GENERAL INFORMATION
fixed length control field 161004s2000 nyua b 001 0 eng
020 ## - INTERNATIONAL STANDARD BOOK NUMBER
International Standard Book Number 0231113404 (cloth : alk. paper)
International Standard Book Number 0231113412 (paper : alk. paper)
035 ## - SYSTEM CONTROL NUMBER
System control number (BD-RjUL)53375
040 ## - CATALOGING SOURCE
Original cataloging agency DLC
Transcribing agency DLC
Modifying agency DLC
Language of cataloging eng
041 ## - LANGUAGE CODE
Language code of text/sound track or separate title eng
082 00 - DEWEY DECIMAL CLASSIFICATION NUMBER
Classification number 591.7072
Edition number 21
Author mark and year RES 2000
245 00 - TITLE STATEMENT
Title Research techniques in animal ecology :
Remainder of title controversies and consequences /
Statement of responsibility, etc. Luigi Boitani and Todd K. Fuller, editors.
260 ## - PUBLICATION, DISTRIBUTION, ETC. (IMPRINT)
Place of publication, distribution, etc. New York :
Name of publisher, distributor, etc. Columbia University Press,
Date of publication, distribution, etc. c2000-2002
300 ## - PHYSICAL DESCRIPTION
Pagination xxxii, 442 p. :
Illustrations ill. ;
Size 24 cm.
504 ## - BIBLIOGRAPHY, ETC. NOTE
Bibliography, etc Includes bibliographical references and index.
650 #0 - SUBJECT ADDED ENTRY--TOPICAL TERM
Topical term or geographic name as entry element Animal ecology
General subdivision Research
-- Methodology.
9 (RLIN) 159186
700 1# - ADDED ENTRY--PERSONAL NAME
Personal name Boitani, Luigi.
Personal name Fuller, T. K.
942 ## - ADDED ENTRY ELEMENTS (KOHA)
Source of classification or shelving scheme Dewey Decimal Classification
Koha item type Books
Holdings
Lost status Source of classification or shelving scheme Damaged status Not for loan Collection code Permanent Location Current Location Shelving location Date acquired Source of acquisition Cost, normal purchase price Total Checkouts Full call number Date last seen Copy number Koha item type
  Dewey Decimal Classification     Non-fiction Central Library, University of Rajshahi Central Library, University of Rajshahi   07/05/2008 Paragon Enterprises Dhaka 1250.00   591.7072 RES 2000 04/10/2016 C-2 Books
  Dewey Decimal Classification   Not For Loan Non-fiction Central Library, University of Rajshahi Central Library, University of Rajshahi Reading Room 07/05/2008 Dhaka,Paragon Enterprise 1250.00   591.7072 RES 2002 13/03/2017 C-1 Books